00673cam a22002051 450000100070000000500170000700800410002401000170006504000180008204300120010005000210011208200110013310000230014424500480016726001090021530000270032450400300035165000380038171000480041927985820170208153926.0721213s1965 nyua b 000 0 eng  a 65016668  aDLCcDLCdDLC an-us---00aND212b.G36 196500a759.131 aGeldzahler, Henry.10aAmerican painting in the twentieth century. aNew York,bMetropolitan Museum of Art; distributed by New York Graphic Society, Greenwich, Conn.c[1965] a236 p.billus.c25 cm. aBibliography: p. 227-230. 0aPainting, Americany20th century.2 aMetropolitan Museum of Art (New York, N.Y.)